000
00283nam a2200097Ia 4500
008
230907s9999||||xx |||||||||||||| ||und||
082
_a
333.794
_b
ROO
245
0
_a
International solutions to sustainable energy, policies and applications /
300
_a
xxxii, 461 Seiten
942
_c
BK
999
_c
599567
_d
599567